| 000 | 00460 a2200133 4500 | ||
|---|---|---|---|
| 001 | 87974 | ||
| 082 | _aPR 285 | ||
| 090 |
_c41443 _d41443 |
||
| 100 | _aUmair Ahmed Siddiqui; Iqbal Rasool, Prof | ||
| 245 |
_aDesign of a multiple utility drop tank dolly for different types of drop tanks installed in F-7P aircraft in defuelled as well as refuelled condition _nG-67 |
||
| 260 |
_aRisalpur _bNUST _c2009 |
||
| 300 | _avii, 36 p. | ||
| 500 | _aBE project reports AE | ||
| 942 |
_aCAE NUST _kPR 285 |
||
| 999 |
_c323047 _d323047 |
||